| 000 | 01496nam0a22002531 4500 | ||
|---|---|---|---|
| 001 | rc\3419239 | ||
| 005 | 20130115140954.1 | ||
| 035 | _a(NLR Aleph) 007555990 | ||
| 090 |
_a5251959 _c5251959 |
||
| 100 | _a20130115d1971 |||y0rusy50 ca | ||
| 101 | 0 | _arus | |
| 102 | _aRU | ||
| 105 | _ac z |||a| | ||
| 200 | 1 |
_aЛица встречных _eПовесть и рассказы |
|
| 210 |
_aЛенинград _cСов. писатель. Ленингр. отд-ние _d1971 |
||
| 215 |
_a280 с. _cпортр. _d20 |
||
| 327 | 1 | _aСодерж.: Родословная: Повесть; Рассказы: Около океана; Чистая вода; Сто роялей; Шелковица; Весна за океаном; Живые люди; Холмы до озера; Длинная дорога с футбола; Тридцатка, [и др.] | |
| 464 | 0 | _12001#$aРодословная$eПовесть$aОколо океана$eРассказ$aЧистая вода$eРассказ$aСто роялей$eРассказ$aШелковица$eРассказ$aВесна за океаном$eРассказ$aЖивые люди$eРассказ$aХолмы до озера$eРассказ$aДлинная дорога с футбола$eРассказ$aТридцатка$eРассказ | |
| 700 | 1 |
_aГорышин _bГ. А. _f1931-1998 _gГлеб Александрович |
|
| 801 | 0 |
_aRU _bNLR _gpsbo |
|
| 801 | 1 |
_aRU _bELAR _2rusmarc |
|
| 852 |
_aNLR _j70-3/8085 |
||
| 942 | _cBOOK | ||
| 980 | _aNB | ||